[Event "World Rapid Women 2018"]
[Site "St Petersburg RUS"]
[Date "2018.12.28"]
[Round "9.58"]
[White "Lelekova, Olga"]
[Black "Bulatova, Kamaliya"]
[Result "1-0"]
[WhiteTitle "WIM"]
[BlackTitle "WFM"]
[WhiteElo "2261"]
[BlackElo "2007"]
[WhiteFideId "4164903"]
[BlackFideId "34111546"]
[EventDate "2018.12.26"]

1. e4 e6 2. d4 d5 3. Nd2 Nf6 4. e5 Nfd7 5. f4 c5 6. c3 Nc6 7. Ndf3 cxd4 8. Nxd4
Bc5 9. Ngf3 O-O 10. Bd3 Bxd4 11. cxd4 f5 12. O-O h6 13. b3 Qa5 14. Kh1 b5 15.
Qe2 b4 16. a3 Qb6 17. axb4 Nxb4 18. Ba3 a5 19. Bb5 Rb8 20. Bxb4 axb4 21. Bd3 Re8
22. Rfc1 Nf8 23. Rc5 Bd7 24. Nh4 Ra8 25. Rac1 Ra3 26. g4 Qd8 27. Ng2 fxg4 28.
Qxg4 Rxb3 29. Bb1 Qe7 30. Nh4 Rc3 31. Ng6 Qxc5 32. Rg1 Qxd4 33. Nxf8 Re7 34.
Nxd7 Rxd7 35. Qxe6+ Rf7 36. Qe8+ Rf8 37. Qe6+ Rf7 38. Qe8+ Rf8 39. Rxg7+ 1-0

[Event "World Rapid Women 2018"]
[Site "St Petersburg RUS"]
[Date "2018.12.28"]
[Round "9.59"]
[White "Sukhareva, Evgeniya"]
[Black "Diakonova, Ekaterina"]
[Result "1-0"]
[WhiteElo "2126"]
[BlackElo "2225"]
[WhiteFideId "4167155"]
[BlackFideId "24172936"]
[EventDate "2018.12.26"]

1. d4 Nf6 2. c4 c5 3. d5 b5 4. cxb5 a6 5. Nc3 axb5 6. e4 b4 7. Nb5 d6 8. a4 g6
9. Bf4 Nh5 10. Bg5 Bg7 11. Qd2 h6 12. Bh4 g5 13. Bg3 Nd7 14. Be2 Nxg3 15. hxg3
Nf6 16. f3 Nd7 17. Nh3 Nb6 18. Qc2 e6 19. dxe6 Bxe6 20. Rd1 Nc8 21. f4 Bxh3 22.
Rxh3 O-O 23. Bf3 b3 24. Qxb3 Qa5+ 25. Nc3 Qb4 26. Qc2 g4 27. Bxg4 Nb6 28. Kf1
Nc4 29. Nd5 Rxa4 30. Nxb4 Ne3+ 31. Kg1 Nxc2 32. Nxc2 Rxe4 33. Rxd6 Rb8 34. Kh2
Rxb2 35. Bf5 Re2 36. Rd8+ Bf8 37. Rxh6 c4 38. Rc6 Rb5 39. Nd4 Rd2 40. Rxf8+ Kxf8
41. Nxb5 Rd5 42. Nd6 Ke7 43. Nc8+ Kd8 44. Bg4 Rd4 45. Nb6 c3 46. Rxc3 Rb4 47.
Rc8+ Ke7 48. Nd5+ 1-0

[Event "World Rapid Women 2018"]
[Site "St Petersburg RUS"]
[Date "2018.12.28"]
[Round "9.60"]
[White "Afonasieva, Anna"]
[Black "Aseeva, Marina"]
[Result "1-0"]
[WhiteTitle "WFM"]
[WhiteElo "2207"]
[BlackElo "2173"]
[WhiteFideId "24173606"]
[BlackFideId "4110544"]
[EventDate "2018.12.26"]

1. d4 d5 2. Nf3 Nf6 3. c4 c6 4. Nbd2 Bf5 5. Nh4 Bd7 6. e3 c5 7. dxc5 e5 8. cxd5
Nxd5 9. Nhf3 Nc6 10. Nc4 Bg4 11. Be2 e4 12. Nfd2 Bxe2 13. Qxe2 f5 14. Nb3 Be7
15. O-O Ndb4 16. Bd2 Nd3 17. Bc3 O-O 18. Rad1 Qd5 19. Ncd2 a5 20. a4 Bf6 21.
Bxf6 Rxf6 22. f3 Raf8 23. fxe4 fxe4 24. Rxf6 Rxf6 25. Nxe4 Qxe4 26. Qxd3 Qxa4
27. Qd5+ Kf8 28. e4 Qb5 29. e5 Rf7 30. Nd4 Nxd4 31. Qxd4 Qe8 32. Qd6+ Re7 33.
Qb6 Rd7 1-0

[Event "World Rapid Women 2018"]
[Site "St Petersburg RUS"]
[Date "2018.12.28"]
[Round "9.61"]
[White "Kirchei, Viktoriia"]
[Black "Borisova, Ekaterina"]
[Result "1-0"]
[WhiteElo "1972"]
[BlackElo "2244"]
[WhiteFideId "34133396"]
[BlackFideId "34124184"]
[EventDate "2018.12.26"]

1. e4 c5 2. Nf3 d6 3. d4 cxd4 4. Qxd4 Nc6 5. Bb5 Bd7 6. Qd3 Nf6 7. O-O g6 8. c4
Bg7 9. Nc3 O-O 10. Bg5 a6 11. Bxc6 Bxc6 12. Rfe1 Re8 13. Rad1 Nd7 14. b4 Rb8 15.
Qc2 b6 16. Rxd6 Qc7 17. Rd2 Rbc8 18. Qb3 Ne5 19. Nd5 Bxd5 20. cxd5 Nxf3+ 21.
Qxf3 Qc3 22. Rb1 Rc4 23. Qxc3 Rxc3 24. Be3 Rb8 25. Kf1 Be5 26. Ke2 Bd6 27. Bd4
Rc4 28. a3 Bf4 29. Rd3 b5 30. g3 Bh6 31. Rbb3 Rbc8 32. Rbc3 f6 33. f3 Kf7 34.
Bc5 Rxc3 35. Rxc3 Bg7 36. Bd4 Rxc3 37. Bxc3 e6 38. dxe6+ Kxe6 39. Kd3 Bf8 40.
Bd4 h5 41. f4 Bd6 42. Ke3 Be7 43. h3 Bf8 44. g4 hxg4 45. hxg4 f5 46. exf5+ gxf5
47. g5 Kf7 48. Be5 Ke6 49. Kd4 Be7 50. Bc7 Bf8 51. Be5 Be7 52. g6 Bd8 53. Kc5
Ke7 54. Kc6 Ke6 55. Bc3 Ke7 56. Kb7 1-0

[Event "World Rapid Women 2018"]
[Site "St Petersburg RUS"]
[Date "2018.12.28"]
[Round "9.62"]
[White "Kosteniuk, Oksana"]
[Black "Bezgodova, Svetlana"]
[Result "0-1"]
[WhiteTitle "WFM"]
[BlackTitle "WIM"]
[WhiteElo "2096"]
[BlackElo "2046"]
[WhiteFideId "4187725"]
[BlackFideId "4110650"]
[EventDate "2018.12.26"]

1. e4 c5 2. Nf3 d6 3. d4 cxd4 4. Nxd4 Nf6 5. Nc3 g6 6. Be3 Bg7 7. Be2 O-O 8. O-O
b6 9. f4 a6 10. Bf3 Ra7 11. e5 dxe5 12. fxe5 Ne8 13. Nc6 Nxc6 14. Bxc6 Qc7 15.
Qf3 Be6 16. Nd5 Bxd5 17. Bxd5 e6 18. Bb3 Bxe5 19. Bxe6 Ng7 20. Bb3 Bxh2+ 21. Kh1
Nf5 22. Rfd1 Be5 23. c3 Qb7 24. Bd5 Qb8 25. Bf2 Bg3 26. Bd4 Nxd4 27. Rxd4 Re7
28. Re4 Rxe4 29. Qxe4 Re8 30. Qf3 Qf4 31. Qxf4 Bxf4 32. Rf1 g5 33. g3 Rd8 34.
Bxf7+ Kxf7 35. gxf4 g4 36. Rf2 h5 37. Rg2 Kf6 38. Kh2 Rd3 39. Re2 h4 40. c4 Kf5
41. b3 a5 42. c5 bxc5 43. Rc2 Kxf4 44. Rxc5 Rd2+ 45. Kg1 Rxa2 46. Rc4+ Kf3 47.
Rc3+ Ke2 48. Rc4 g3 49. Kg2 Kd3+ 50. Kh3 Rh2+ 51. Kg4 g2 0-1

[Event "World Rapid Women 2018"]
[Site "St Petersburg RUS"]
[Date "2018.12.28"]
[Round "10.1"]
[White "Goryachkina, Aleksandra"]
[Black "Ju, Wenjun"]
[Result "0-1"]
[WhiteTitle "GM"]
[BlackTitle "GM"]
[WhiteElo "2518"]
[BlackElo "2575"]
[WhiteFideId "4147103"]
[BlackFideId "8603006"]
[EventDate "2018.12.26"]

1. e4 e5 2. Nf3 Nf6 3. d4 Nxe4 4. Bd3 d5 5. Nxe5 Nd7 6. O-O Nxe5 7. dxe5 Nc5 8.
f4 Nxd3 9. Qxd3 g6 10. Be3 c6 11. Nc3 b6 12. Ne2 Bg7 13. Ng3 O-O 14. c3 c5 15.
Rad1 Bb7 16. Rf2 Qc7 17. Rfd2 a5 18. Bf2 f6 19. exf6 Rxf6 20. f5 Raf8 21. fxg6
hxg6 22. Re1 Qc6 23. Be3 Re6 24. Ree2 d4 25. cxd4 cxd4 26. Rc2 Qd5 27. Bc1 Rfe8
28. Rxe6 Rxe6 29. h3 Rc6 30. Nf1 Rxc2 31. Qxc2 d3 32. Qf2 Bd4 33. Ne3 Qc6 34.
Bd2 Bxb2 35. Qg3 Bd4 36. h4 Kh7 37. Kh1 Qd7 38. Ng4 Bg7 39. Qf4 Qf5 40. Qg3 Bc6
41. Ne3 Qe4 42. Qf2 Qe6 43. a3 Qf6 44. Qxf6 Bxf6 45. Nc4 Bd4 46. Kh2 Bd5 47. Ne3
Be6 48. g4 Bc5 49. a4 Bd7 50. Kg3 Bxa4 51. Kf4 Bc6 52. Nc4 a4 53. Be3 a3 54.
Bxc5 bxc5 0-1

[Event "World Rapid Women 2018"]
[Site "St Petersburg RUS"]
[Date "2018.12.28"]
[Round "10.2"]
[White "Khademalsharieh, Sarasadat"]
[Black "Muzychuk, Mariya"]
[Result "1-0"]
[WhiteTitle "IM"]
[BlackTitle "GM"]
[WhiteElo "2470"]
[BlackElo "2540"]
[WhiteFideId "12512214"]
[BlackFideId "14114550"]
[EventDate "2018.12.26"]

1. d4 d5 2. c4 e6 3. Nc3 Nf6 4. Nf3 c6 5. Bg5 h6 6. Bxf6 Qxf6 7. e3 Nd7 8. cxd5
exd5 9. Bd3 Qd8 10. O-O Nf6 11. Qc2 Bd6 12. Rab1 a5 13. a3 O-O 14. b4 axb4 15.
axb4 Be6 16. b5 Ra3 17. bxc6 bxc6 18. Ne2 Qc7 19. Ng3 Ng4 20. Bf5 Qd7 21. Bxe6
fxe6 22. Rb6 Rc8 23. Qg6 Nf6 24. Ne5 Bxe5 25. dxe5 Nh7 26. Nh5 Rf8 27. Rxc6 Rf5
28. Rc8+ Rf8 29. Nf6+ Nxf6 30. Rxf8+ Kxf8 31. exf6 gxf6 32. Qxf6+ Ke8 33. Rb1
Qc8 34. h4 Rc3 35. Qxh6 Rc1+ 36. Rxc1 Qxc1+ 37. Kh2 Ke7 38. Qg7+ Kd6 39. h5 Qd1
40. Qg6 d4 41. h6 dxe3 42. fxe3 Qa1 43. Qg7 Qa5 44. h7 Qh5+ 45. Kg3 Qe2 46. Qd4+
Ke7 47. h8=Q Qe1+ 48. Kh2 1-0

[Event "World Rapid Women 2018"]
[Site "St Petersburg RUS"]
[Date "2018.12.28"]
[Round "10.3"]
[White "Muzychuk, Anna"]
[Black "Saduakassova, Dinara"]
[Result "1/2-1/2"]
[WhiteTitle "GM"]
[BlackTitle "IM"]
[WhiteElo "2569"]
[BlackElo "2472"]
[WhiteFideId "14111330"]
[BlackFideId "13700090"]
[EventDate "2018.12.26"]

1. e4 c5 2. Nf3 e6 3. d4 cxd4 4. Nxd4 Nc6 5. Nc3 Qc7 6. f4 Nxd4 7. Qxd4 a6 8. a4
Nf6 9. e5 Bc5 10. Qd2 Nd5 11. Nxd5 exd5 12. b4 Be7 13. a5 d6 14. Bb2 Bf5 15. Bd3
Bxd3 16. cxd3 O-O 17. O-O dxe5 18. Bxe5 Qd7 19. f5 f6 20. Bd4 Rac8 21. Rae1 Rf7
22. Re6 Qa4 23. Rb6 Bd8 24. Rd6 Be7 25. Rb6 1/2-1/2

[Event "World Rapid Women 2018"]
[Site "St Petersburg RUS"]
[Date "2018.12.28"]
[Round "10.4"]
[White "Gunina, Valentina"]
[Black "Assaubayeva, Bibisara"]
[Result "1/2-1/2"]
[WhiteTitle "GM"]
[BlackTitle "FM"]
[WhiteElo "2496"]
[BlackElo "2372"]
[WhiteFideId "4167570"]
[BlackFideId "13708694"]
[EventDate "2018.12.26"]

1. d4 Nf6 2. c4 g6 3. Nc3 Bg7 4. e4 d6 5. Nf3 O-O 6. Be2 e5 7. O-O Nc6 8. Be3
Ng4 9. Bg5 f6 10. Bh4 Nh6 11. dxe5 dxe5 12. Qxd8 Nxd8 13. Rfd1 g5 14. Bg3 c6 15.
c5 Ne6 16. b4 g4 17. Nd2 Nd4 18. Bc4+ Kh8 19. Nb3 f5 20. Bh4 fxe4 21. Nxe4 Nhf5
22. Bg5 b5 23. Nxd4 Nxd4 24. Bd3 a5 25. a4 axb4 26. axb5 Rxa1 27. Rxa1 cxb5 28.
Be7 Re8 29. Bf6 Bf5 30. Nd6 Bxd3 31. Bxg7+ Kxg7 32. Nxe8+ Kf8 33. Nf6 b3 34.
Nd7+ Ke7 35. Nxe5 b2 36. Re1 Ne2+ 37. Kf1 Ng3+ 38. Kg1 Ne2+ 39. Kf1 Ng3+ 1/2-1/2

[Event "World Rapid Women 2018"]
[Site "St Petersburg RUS"]
[Date "2018.12.28"]
[Round "10.6"]
[White "Lagno, Kateryna"]
[Black "Galliamova, Alisa"]
[Result "1-0"]
[WhiteTitle "GM"]
[BlackTitle "IM"]
[WhiteElo "2560"]
[BlackElo "2444"]
[WhiteFideId "14109336"]
[BlackFideId "4129725"]
[EventDate "2018.12.26"]

1. e4 e5 2. Nf3 Nc6 3. Bb5 g6 4. c3 Bg7 5. d4 exd4 6. cxd4 a6 7. Bxc6 dxc6 8.
Nc3 Ne7 9. Be3 O-O 10. Qd2 Bg4 11. O-O-O f5 12. h3 fxe4 13. hxg4 exf3 14. gxf3
Rxf3 15. Ne4 Nd5 16. Bh6 Bxh6 17. Qxh6 Qe7 18. Ng5 Rxf2 19. Rde1 Qg7 20. Qxg7+
Kxg7 21. Rxh7+ Kg8 22. Reh1 Rff8 23. Rh8+ Kg7 24. Ne6+ Kf7 25. Nxf8 Rxf8 26.
Rf1+ 1-0

[Event "World Rapid Women 2018"]
[Site "St Petersburg RUS"]
[Date "2018.12.28"]
[Round "10.7"]
[White "Tokhirjonova, Gulrukhbegim"]
[Black "Koneru, Humpy"]
[Result "0-1"]
[WhiteTitle "WGM"]
[BlackTitle "GM"]
[WhiteElo "2444"]
[BlackElo "2541"]
[WhiteFideId "14203626"]
[BlackFideId "5008123"]
[EventDate "2018.12.26"]

1. e4 c5 2. Nf3 e6 3. d4 cxd4 4. Nxd4 a6 5. c4 Nf6 6. Nc3 Qc7 7. Be2 b6 8. Be3
Bb7 9. f3 d6 10. O-O Be7 11. Qd2 O-O 12. Rfc1 Rc8 13. b4 Nbd7 14. Na4 Qd8 15.
Rab1 Rab8 16. Rc2 h5 17. Kh1 h4 18. Bf1 h3 19. gxh3 Nxe4 20. fxe4 Bxe4+ 21. Bg2
Bxc2 22. Qxc2 d5 23. Nb2 Ne5 24. Bf4 Bd6 25. b5 Nxc4 26. Nc6 Rxc6 27. bxc6 Bxf4
28. Nxc4 dxc4 29. Rd1 Qg5 30. Qxc4 Bc7 31. Qe4 Rd8 32. Rg1 Rd2 33. h4 Qh5 34. a4
b5 35. axb5 axb5 36. Rf1 b4 37. Qf3 Qe5 38. Qg3 Qxg3 39. hxg3 Bxg3 40. Rb1 Rd4
41. h5 Bd6 42. Bf3 f5 43. Kg2 Kf7 44. Ra1 Rd2+ 45. Kf1 b3 46. Ra7+ Kf6 47. Rb7
b2 48. Ke1 Rc2 49. Bd1 Bg3+ 50. Kf1 Rc1 51. Rxb2 Rxd1+ 52. Kg2 Be5 53. Rc2 Bc7
54. Kf3 e5 0-1

[Event "World Rapid Women 2018"]
[Site "St Petersburg RUS"]
[Date "2018.12.28"]
[Round "10.8"]
[White "Abdumalik, Zhansaya"]
[Black "Gaponenko, Inna"]
[Result "1-0"]
[WhiteTitle "IM"]
[BlackTitle "IM"]
[WhiteElo "2470"]
[BlackElo "2420"]
[WhiteFideId "13703544"]
[BlackFideId "14101181"]
[EventDate "2018.12.26"]

1. e4 g6 2. d4 Bg7 3. Nc3 d6 4. f4 Nf6 5. Nf3 O-O 6. Bd3 Nc6 7. O-O e5 8. d5 Ne7
9. fxe5 dxe5 10. Nxe5 c6 11. Bg5 cxd5 12. Nf3 dxe4 13. Nxe4 Nxe4 14. Bxe4 Qb6+
15. Kh1 Nf5 16. Qd2 Be6 17. c3 Nd6 18. Bd3 Nc4 19. Qe2 Rac8 20. Nd4 Bd5 21. b3
Ne5 22. Be3 Rfe8 23. Bb5 Nc6 24. Bxc6 Bxc6 25. Qf2 Qc7 26. Nxc6 bxc6 27. Bxa7
Bxc3 28. Rac1 Bg7 29. a4 Qb7 30. Bb6 Bh6 31. Rc3 Bg7 32. Rd3 Re5 33. a5 Rce8 34.
Rf3 f5 35. Qc2 Re2 36. Qc4+ Kh8 37. R3f2 R2e4 38. Qd3 R4e5 39. Rc2 Rd5 40. Qc4
Rd6 41. Bc5 Rde6 42. a6 Qb5 43. a7 Re4 44. Qxb5 cxb5 45. Rd2 Bf8 46. Bb6 R4e6
47. Bg1 Rc6 48. Rfd1 Rcc8 49. Ra2 Ra8 50. h3 Rec8 51. Rd7 Bc5 52. Bh2 Be3 53.
Be5+ Kg8 54. Rg7+ Kf8 55. Rxh7 Rc1+ 56. Kh2 f4 57. h4 Bxa7 58. Rh8+ Kf7 59. Rxa8 1-0

[Event "World Rapid Women 2018"]
[Site "St Petersburg RUS"]
[Date "2018.12.28"]
[Round "10.9"]
[White "Voit, Daria"]
[Black "Khotenashvili, Bela"]
[Result "1/2-1/2"]
[WhiteTitle "FM"]
[BlackTitle "GM"]
[WhiteElo "2358"]
[BlackElo "2479"]
[WhiteFideId "4182146"]
[BlackFideId "13602640"]
[EventDate "2018.12.26"]

1. Nf3 g6 2. d4 Nf6 3. c4 d5 4. cxd5 Nxd5 5. e4 Nb6 6. Nc3 Bg7 7. Be3 Bg4 8. Be2
O-O 9. O-O Nc6 10. d5 Bxf3 11. gxf3 Ne5 12. Bd4 g5 13. Rc1 c6 14. dxc6 Nxc6 15.
Be3 h6 16. f4 gxf4 17. Bxf4 Nd4 18. Bg4 e5 19. Be3 Qh4 20. Kh1 Rad8 21. Rg1 Kh8
22. Qf1 Rd6 23. Rg3 Rg6 24. Qg2 Rg8 25. Rg1 Bf8 26. f3 Ne6 27. Qh3 Qxh3 28. Bxh3
Nd4 29. Rxg6 Rxg6 30. Rxg6 fxg6 31. Kg2 Nc4 32. Bc1 Kg7 33. b3 Nb6 34. f4 Bd6
35. fxe5 Bxe5 36. Nd5 Nxd5 37. exd5 Ne2 38. Be3 Nf4+ 39. Bxf4 Bxf4 40. Bc8 b6
41. h3 1/2-1/2

[Event "World Rapid Women 2018"]
[Site "St Petersburg RUS"]
[Date "2018.12.28"]
[Round "10.10"]
[White "Paramzina, Anastasya"]
[Black "Girya, Olga"]
[Result "0-1"]
[WhiteTitle "WGM"]
[BlackTitle "WGM"]
[WhiteElo "2229"]
[BlackElo "2454"]
[WhiteFideId "4165012"]
[BlackFideId "4195752"]
[EventDate "2018.12.26"]

1. e4 c6 2. Nc3 d5 3. Nf3 dxe4 4. Nxe4 Nf6 5. Nxf6+ exf6 6. d4 Bd6 7. Be2 O-O 8.
O-O Re8 9. h3 Nd7 10. b3 Nf8 11. Re1 Be6 12. Bf1 Ng6 13. a4 Qd7 14. Ba3 Bxa3 15.
Rxa3 Bd5 16. b4 Qd6 17. Qd2 a5 18. c4 Qxb4 19. Qxb4 axb4 20. Rxe8+ Rxe8 21. Rb3
Bxf3 22. gxf3 Nh4 23. Rxb4 Nxf3+ 24. Kg2 Nxd4 25. Rxb7 Ra8 26. c5 Kf8 27. Bc4
Ne6 28. Bxe6 fxe6 29. Rb6 Rxa4 30. Rxc6 Kf7 31. Rc7+ Kg6 32. Re7 e5 33. c6 Rc4
34. c7 Rc3 35. Kf1 h5 36. Ke2 h4 37. Kd2 Rc5 38. Ke3 f5 39. f4 exf4+ 40. Kxf4
Kf6 41. Rd7 g5+ 42. Ke3 Ke5 43. Rg7 Kf6 44. Rd7 Rc1 45. Kd2 Rc5 46. Ke3 g4 47.
hxg4 fxg4 48. Rh7 Kg5 49. Rg7+ Kf5 50. Rh7 Rc3+ 51. Kd4 Rc6 52. Rxh4 Rxc7 53.
Ke3 Kg5 54. Rh8 Rf7 55. Ke4 Re7+ 56. Kd3 g3 57. Rg8+ Kf4 58. Rf8+ Kg4 59. Rg8+
Kf3 60. Rf8+ Kg2 61. Rg8 Kf2 62. Rf8+ Kg1 63. Kd2 g2 64. Rg8 Re5 65. Rg7 Kf2 66.
Rf7+ Kg3 67. Rg7+ Kf3 68. Rg8 Re4 69. Rf8+ Rf4 70. Rg8 Rg4 71. Rf8+ Kg3 0-1

[Event "World Rapid Women 2018"]
[Site "St Petersburg RUS"]
[Date "2018.12.28"]
[Round "10.11"]
[White "Cramling, Pia"]
[Black "Bivol, Alina"]
[Result "1-0"]
[WhiteTitle "GM"]
[BlackTitle "WGM"]
[WhiteElo "2465"]
[BlackElo "2393"]
[WhiteFideId "1700030"]
[BlackFideId "4100123"]
[EventDate "2018.12.26"]

1. Nf3 Nf6 2. c4 g6 3. Nc3 Bg7 4. e4 d6 5. d4 O-O 6. h3 Qe8 7. Be3 a6 8. Be2 c6
9. a3 b5 10. O-O Bb7 11. Qc2 bxc4 12. Bxc4 d5 13. Ba2 dxe4 14. Nxe4 Nxe4 15.
Qxe4 Nd7 16. Qc2 Qc8 17. Rac1 e6 18. Rfd1 h6 19. Qd2 Kh7 20. d5 exd5 21. Bxd5
Nf6 22. Ba2 Rd8 23. Qxd8 Qxd8 24. Rxd8 Rxd8 25. Bxf7 Nd5 26. Bd2 Rd7 27. Be8 Rd6
28. b4 Kg8 29. Re1 Kf8 30. Nh4 Ne7 31. Bf4 Rf6 32. Be5 Kxe8 33. Bxf6 Bxf6 34.
Nxg6 Kf7 35. Ne5+ Ke8 36. Nd3 Bc8 37. g4 Kf7 38. Ne5+ Kg7 39. Kh2 Bh4 40. Re2
Bg5 41. Kg3 Nd5 42. Nd3 Be7 43. f4 a5 44. Ne5 axb4 45. Nxc6 Bd6 46. Nxb4 Nxf4
47. Rd2 Bb8 48. Kf3 Nxh3 49. Rd8 Bb7+ 50. Ke2 Nf4+ 51. Kd2 Bf3 52. Rxb8 Bxg4 53.
a4 h5 54. a5 h4 55. a6 h3 56. a7 Bf3 57. a8=Q Bxa8 58. Rxa8 h2 59. Ra1 Nh5 60.
Nd3 Ng3 61. Nf2 1-0

[Event "World Rapid Women 2018"]
[Site "St Petersburg RUS"]
[Date "2018.12.28"]
[Round "10.12"]
[White "Romanovskaya, Anna"]
[Black "Mammadova, Gulnar"]
[Result "0-1"]
[WhiteTitle "WFM"]
[BlackTitle "IM"]
[WhiteElo "2210"]
[BlackElo "2368"]
[WhiteFideId "4164725"]
[BlackFideId "13403508"]
[EventDate "2018.12.26"]

1. e4 g6 2. f4 Bg7 3. Nc3 c6 4. d3 d5 5. Qe2 d4 6. Nd1 Nf6 7. Nf3 O-O 8. g3 c5
9. Bg2 Nc6 10. O-O e5 11. h3 Nh5 12. Kh2 exf4 13. gxf4 Qc7 14. e5 f6 15. Nf2
fxe5 16. Ne4 exf4 17. Qf2 Ne5 18. Bd2 Bf5 19. Rae1 Bxe4 20. dxe4 Rae8 21. Rg1
Nc4 22. e5 Ne3 23. c3 Bxe5 24. Nxe5 Qxe5 25. Bf3 Ng3 26. cxd4 cxd4 27. Bb4 Rf7
28. Rc1 Ne4 29. Qe2 d3 30. Qxd3 Qxb2+ 31. Be2 Qxb4 32. Rb1 Qd6 0-1

[Event "World Rapid Women 2018"]
[Site "St Petersburg RUS"]
[Date "2018.12.28"]
[Round "10.13"]
[White "Nguyen, Thi Mai Hung"]
[Black "Lei, Tingjie"]
[Result "0-1"]
[WhiteTitle "WGM"]
[BlackTitle "GM"]
[WhiteElo "2280"]
[BlackElo "2453"]
[WhiteFideId "12401676"]
[BlackFideId "8605114"]
[EventDate "2018.12.26"]

1. d4 Nf6 2. Nf3 g6 3. g3 Bg7 4. Bg2 c5 5. c3 O-O 6. O-O Qb6 7. Re1 d5 8. a3 Nc6
9. dxc5 Qxc5 10. b4 Qd6 11. Bb2 Ne4 12. Qc1 Bg4 13. Nbd2 Rac8 14. Nxe4 dxe4 15.
Ng5 Nd4 16. Nxe4 Qb6 17. Qd1 Nb5 18. Rc1 Rfd8 19. Qa4 Bf5 20. Nc5 Rd2 21. Ba1
Ra2 22. c4 Nd4 23. Kf1 a5 24. Nxb7 Nxe2 25. c5 Qc7 26. Bxg7 Bd3 27. Qxa5 Nxc1+
28. Kg1 Ne2+ 29. Kh1 Qxa5 30. Nxa5 Kxg7 31. c6 Rxa3 32. Bd5 e6 33. Bg2 Rc3 34.
h4 Rc1 35. Rxc1 Nxc1 36. Nb7 Bb5 37. Nd6 Rxc6 38. Bxc6 Bxc6+ 39. Kh2 Nd3 40. b5
Bd5 41. b6 Nc5 42. f4 Nb7 43. Nb5 h5 44. Kg1 Kf8 45. Kf2 Ke7 46. Ke3 Nd6 47. Nc7
Bb7 48. Kd4 Nf5+ 49. Kc5 Nxg3 50. Nb5 Nf5 0-1

[Event "World Rapid Women 2018"]
[Site "St Petersburg RUS"]
[Date "2018.12.28"]
[Round "10.14"]
[White "Zhao, Xue"]
[Black "Dzagnidze, Nana"]
[Result "0-1"]
[WhiteTitle "GM"]
[BlackTitle "GM"]
[WhiteElo "2485"]
[BlackElo "2513"]
[WhiteFideId "8601283"]
[BlackFideId "13601903"]
[EventDate "2018.12.26"]

1. c4 e5 2. Nc3 Nc6 3. Nf3 Bb4 4. g3 Bxc3 5. dxc3 d6 6. Bg2 Nge7 7. e4 O-O 8.
Qe2 f5 9. exf5 Bxf5 10. h3 Qd7 11. Be3 Kh8 12. O-O-O h6 13. Nd2 Bh7 14. g4 Ng6
15. Be4 Nf4 16. Bxf4 Rxf4 17. g5 Bxe4 18. Nxe4 Qf5 19. Rhe1 b6 20. gxh6 gxh6 21.
Rd3 Rg8 22. Rg3 Ne7 23. Qe3 Qh7 24. Qe2 Nf5 25. Rf3 Rxf3 26. Qxf3 Qg6 27. b3 Nh4
28. Qg3 Nf5 29. Qf3 Rg7 30. Kb2 Kh7 31. a4 a5 32. Qd3 Ne7 33. Re3 Kh8 34. Rg3
Qe6 35. Qf3 Qf5 36. Qg2 Rxg3 37. fxg3 Ng8 38. g4 Qf4 39. Ng3 Nf6 40. Nf5 e4 41.
Qe2 Kh7 42. Nd4 Kg6 43. Kc2 c5 44. Nf5 h5 45. Nh4+ 0-1

[Event "World Rapid Women 2018"]
[Site "St Petersburg RUS"]
[Date "2018.12.28"]
[Round "10.15"]
[White "Harika, Dronavalli"]
[Black "Berend, Elvira"]
[Result "1-0"]
[WhiteTitle "GM"]
[BlackTitle "WGM"]
[WhiteElo "2494"]
[BlackElo "2332"]
[WhiteFideId "5015197"]
[BlackFideId "4000510"]
[EventDate "2018.12.26"]

1. g3 d5 2. Bg2 Nf6 3. d3 g6 4. Nf3 Bg7 5. O-O O-O 6. Nbd2 c5 7. e4 Nc6 8. Re1
d4 9. e5 Nd5 10. a4 Nc7 11. a5 Rb8 12. Nc4 Be6 13. Nfd2 Bd5 14. f4 Bxg2 15. Kxg2
b5 16. axb6 axb6 17. Qf3 Nb4 18. Na3 Ra8 19. Re2 Qd7 20. Ne4 f6 21. exf6 exf6
22. Bd2 Nbd5 23. Rae1 Rae8 24. Nc4 Qc6 25. f5 gxf5 26. Qxf5 Ne7 27. Qf3 Ned5 28.
Ncd6 Re5 29. Nf5 Qd7 30. Rf2 Kh8 31. Kg1 Ne6 32. h4 Rg8 33. Kh1 Bf8 34. Ref1
Nef4 35. g4 Rxf5 36. gxf5 Qxf5 37. Bxf4 Nxf4 38. Qxf4 Qh3+ 39. Rh2 1-0

[Event "World Rapid Women 2018"]
[Site "St Petersburg RUS"]
[Date "2018.12.28"]
[Round "10.16"]
[White "Guichard, Pauline"]
[Black "Ushenina, Anna"]
[Result "0-1"]
[WhiteTitle "WGM"]
[BlackTitle "GM"]
[WhiteElo "2378"]
[BlackElo "2440"]
[WhiteFideId "639370"]
[BlackFideId "14110911"]
[EventDate "2018.12.26"]

1. d4 d5 2. Bf4 e6 3. e3 Bd6 4. Bxd6 Qxd6 5. Nf3 Qb4+ 6. Nbd2 Qxb2 7. c4 c6 8.
Ne5 Nf6 9. Bd3 Qa3 10. Qc2 Na6 11. Be2 Nb4 12. Qd1 Nd7 13. O-O Nxe5 14. dxe5 O-O
15. Nf3 c5 16. Ng5 h6 17. Nh3 Bd7 18. g4 Ba4 19. Qb1 Bc2 20. Qc1 Qxc1 21. Rfxc1
Bd3 22. Bxd3 Nxd3 23. Rc3 dxc4 24. Rxc4 b5 25. Rc3 c4 26. f4 Rfc8 27. a3 a5 28.
Nf2 b4 29. Rc2 Nxf2 30. Kxf2 c3 31. Rb1 Rc4 32. Ke2 Rd8 33. h4 g5 34. hxg5 hxg5
35. fxg5 Rxg4 36. Kf3 Rc4 37. Rh2 c2 38. Rbh1 Kf8 39. g6 c1=Q 0-1

[Event "World Rapid Women 2018"]
[Site "St Petersburg RUS"]
[Date "2018.12.28"]
[Round "10.17"]
[White "Protopopova, Anastasiya"]
[Black "Stefanova, Antoaneta"]
[Result "0-1"]
[WhiteTitle "WFM"]
[BlackTitle "GM"]
[WhiteElo "2304"]
[BlackElo "2486"]
[WhiteFideId "24172073"]
[BlackFideId "2902257"]
[EventDate "2018.12.26"]

1. d4 d5 2. Nf3 Nf6 3. c4 c6 4. g3 dxc4 5. Bg2 b5 6. O-O Bb7 7. Ne5 e6 8. b3
cxb3 9. axb3 Qb6 10. Qc2 Qxd4 11. Nxc6 Qc5 12. Qxc5 Bxc5 13. Nxb8 Bxg2 14. Kxg2
Rxb8 15. Bf4 Rd8 16. Ra5 Nd5 17. Rxb5 Bb6 18. Na3 Nc3 19. Rg5 Nxe2 20. Rxg7
Nxf4+ 21. gxf4 Rd4 22. Rc1 Ke7 23. Nb5 Rxf4 24. Nxa7 Kf6 0-1

[Event "World Rapid Women 2018"]
[Site "St Petersburg RUS"]
[Date "2018.12.28"]
[Round "10.18"]
[White "Bodnaruk, Anastasia"]
[Black "Tomilova, Elena"]
[Result "1-0"]
[WhiteTitle "IM"]
[BlackTitle "WIM"]
[WhiteElo "2420"]
[BlackElo "2338"]
[WhiteFideId "4181751"]
[BlackFideId "4162340"]
[EventDate "2018.12.26"]

1. e4 e6 2. d3 d5 3. Nd2 Nf6 4. Ngf3 c5 5. g3 g6 6. Bg2 Bg7 7. O-O O-O 8. Re1
Nc6 9. c3 a5 10. Qc2 b6 11. Nf1 Ba6 12. e5 Nd7 13. Bf4 b5 14. h4 Rb8 15. N1h2 b4
16. c4 dxc4 17. dxc4 Nb6 18. b3 Qe7 19. Ng4 Rbc8 20. Rad1 a4 21. Bg5 Qc7 22. Qc1
h5 23. Nf6+ Kh8 24. Bh6 Qe7 25. Qg5 Rfd8 26. Bxg7+ Kxg7 27. Nxh5+ Kh7 28. Nf6+
Kg7 29. Nh2 Rh8 30. Bxc6 Rxc6 31. Nh5+ Kf8 32. Rd8+ 1-0